Electro optics

Salvato in:
Dettagli Bibliografici
Autore principale: Pinson, Lewis J (Autore)
Natura: Libro
Lingua:inglese
Pubblicazione: New York : John Wiley & Sons, 1985
Tags: Aggiungi Tag
Nessun Tag, puoi essere il primo ad aggiungerne!!

MARC

LEADER 00000nam a22000003a 4500
001 stu85958
005 20190206124408.4
008 040420s1985------------------------eng-d
040 |a STU  |b slo 
041 0 |a eng 
080 |a 621.383 
080 |a 535.215 
080 |a 537.533 
100 1 |a Pinson, Lewis J  |4 aut 
245 1 |a Electro optics 
260 |a New York :  |b John Wiley & Sons,  |c 1985 
300 |a 12, 270 s 
996 |b E59193  |c E*59193  |l EE11  |s P  |a 0  |w stu85958_0001